Quizzes
Events
Quiz Creation
Community
Videos
Private Events
Remove Ads
Sign In
Join for FREE
Feedback
Dark Mode
Quiz Categories
Sports
Geography
Music
Movies
Television
Just For Fun
Miscellaneous
History
Literature
Language
Science
Gaming
Entertainment
Religion
Holiday
For Kids
Quiz Lab
Recent
Popular Today
Quiz Kudos Today
Editor Picks
Curator Picks
Quizzes by...
Day
Popularity
Type
Ratings
Length
Year
Community
Subscriptions
Recent Discussions
Orange Saloon
Badges
Playlists
Quests
Create
Leaderboards
Showdown
Live 5
Trivia Bingo
Activity
Puzzle Library
Sporcle Events
Private Events
Virtual Trivia
Globe League
Become a Host
Pub Owners
SporcleCon
Opinionation
Our Games
Videos
Blog
Mobile Apps
Partnerships
Remove Ads and Go Orange
Feedback
Sports
Athletes
MLB
NBA
NHL
NFL
Soccer
Sports Teams
WWE
NCAA
Football
Premier League
Basketball
Baseball
Hockey
Golf
Tennis
Cricket
Rugby
Auto Racing
Olympics
World Cup
Sports
Athletes
MLB
NBA
NHL
NFL
Soccer
Sports Teams
WWE
NCAA
Football
Premier League
Basketball
Baseball
Hockey
Golf
Tennis
Cricket
Rugby
Auto Racing
Olympics
World Cup
Random Quiz
Search Sporcle
×
Quiz Lab
Quiz Lab
Sports
Country
Type in answers that appear in a list
Type in answers that appear in a list
Classic
Best Score? Go Orange.
2010 ATP Year End Rankings Stats
Can you name the Top 100 ATP Players of 2010??
By
applesauceable
12m
100 Questions
111 Plays
111 Plays
111 Plays
Comments
Comments
Give Quiz Kudos
Give Quiz Kudos
-
- Ratings
hide this ad
Replay
Link that replays current quiz
Next Quiz
Link to next quiz in quiz playlist
You Got
0%
They Got
Avg Score
66%
Avg Friend Score
Upgrade to see
Score Distribution
Jump to the score distribution portion of the page
Score
0/100
Timer
12:00
0
Plays Today
Ranking
Player
% Correct
1.
Rafael Nadal
100%
2.
Roger Federer
100%
3.
Novak Djokovic
98.2%
4.
Andy Murray
98.2%
8.
Andy Roddick
98.2%
7.
David Ferrer
96.4%
5.
Robin Soderling
95.5%
12.
Gael Monfils
92.8%
13.
Jo-Wilfried Tsonga
91.9%
19.
John Isner
91.9%
30.
Richard Gasquet
91.9%
6.
Tomas Berdych
90.1%
16.
Mardy Fish
90.1%
20.
Marcos Baghdatis
90.1%
22.
Nikolay Davydenko
90.1%
9.
Fernando Verdasco
89.2%
21.
Stanislas Wawrinka
89.2%
11.
Jurgen Melzer
88.3%
14.
Marin Cilic
88.3%
17.
Ivan Ljubicic
85.6%
18.
Sam Querrey
85.6%
10.
Mikhail Youzhny
84.7%
24.
Ernests Gulbis
84.7%
33.
Guillermo Garcia-Lopez
84.7%
41.
Gilles Simon
84.7%
32.
Feliciano Lopez
83.8%
15.
Nicolas Almagro
82.9%
49.
Janko Tipsarevic
82.9%
27.
David Nalbandian
82%
28.
Viktor Troicki
82%
48.
Alexandr Dolgopolov
82%
34.
Philipp Kohlschreiber
81.1%
35.
Yen-Hsun Lu
80.2%
54.
Lleyton Hewitt
80.2%
Ranking
Player
% Correct
29.
Juan Carlos Ferrero
79.3%
39.
Jarkko Nieminen
79.3%
68.
Fernando Gonzalez
79.3%
26.
Juan Monaco
78.4%
55.
Fabio Fognini
78.4%
31.
Thomaz Bellucci
76.6%
23.
Michael Llodra
75.7%
52.
Andreas Seppi
75.7%
62.
Radek Stepanek
75.7%
61.
Kevin Anderson
74.8%
65.
Robin Haase
74.8%
44.
Julien Benneteau
73.9%
98.
Kei Nishikori
73.9%
50.
Tommy Robredo
73%
37.
Florian Mayer
72.1%
40.
Denis Istomin
72.1%
94.
Leonardo Mayer
72.1%
75.
Dudi Sela
70.3%
46.
Sergiy Stakhovsky
68.5%
60.
Xavier Malisse
68.5%
43.
Thiemo de Bakker
67.6%
45.
Jeremy Chardy
67.6%
51.
Victor Hanescu
67.6%
63.
Pablo Cuevas
67.6%
38.
Juan Ignacio Chela
66.7%
70.
Lukasz Kubot
66.7%
73.
Ivo Karlovic
65.8%
42.
Marcel Granollers
64%
25.
Albert Montanes
63.1%
36.
Andrey Golubev
62.2%
47.
Potito Starace
62.2%
59.
Mikhail Kukushkin
61.3%
64.
Santiago Giraldo
59.5%
53.
Benjamin Becker
58.6%
Ranking
Player
% Correct
87.
Ricardas Berankis
58.6%
88.
Ivan Dodig
57.7%
78.
Arnaud Clement
52.3%
66.
Carlos Berlocq
51.4%
71.
Pablo Andujar
50.5%
83.
Adrian Mannarino
50.5%
90.
Marsel Ilhan
48.6%
79.
Igor Andreev
47.7%
97.
Paul-Henri Mathieu
47.7%
92.
Dustin Brown
46.8%
57.
Philipp Petzschner
45.9%
91.
Filippo Volandri
45.9%
80.
Teymuraz Gabashvili
45%
56.
Daniel Gimeno-Traver
44.1%
81.
Illya Marchenko
44.1%
82.
Mischa Zverev
44.1%
89.
Lukas Lacko
43.2%
84.
Rainer Schuettler
40.5%
99.
Michael Russell
40.5%
69.
Florent Serra
39.6%
67.
Tobias Kamke
33.3%
76.
Ricardo Mello
33.3%
58.
Michael Berrer
31.5%
74.
Eduardo Schwank
30.6%
77.
Ruben Ramirez Hidalgo
30.6%
93.
Rui Machado
29.7%
72.
Pere Riba
28.8%
95.
Jan Hajek
28.8%
100.
Igor Kunitsyn
28.8%
96.
Marcos Daniel
24.3%
86.
Michal Przysiezny
22.5%
85.
Brian Dabul
16.2%
Quiz Playlist
Details
Report
Send in Message
Add To Playlist
Classic:
Type in answers that appear in a list
Quiz Source
Last Updated: Feb 16, 2017
Quiz Scoreboard
CHALLENGE
Sign Up to Join the Scoreboard
Show All
Scores
Hide
Comments
May contain spoilers
Recently Published
College Basketball Coaching Resumes
by pancakes188
Sports
9m
Billboard Blitz: Fleetwood Mac
by CooCooCachoo
Music
15s
Presidents Visiting Landmarks
by Hejman
History
7m
More to Explore
Quiz From the Vault
Featured Blog Post
Where Did the Easter Bunny Come From?
hide this ad
You Might Also Like...
Tags
Country Quiz
100
2010
ATP
ATP Players
Banking
end
Player
Top 100
Today's Top Quizzes in Sports
Browse Sports
hide this ad
Today's Top Quizzes in Country
Browse Country
Top Contributed Quizzes in Sports
1
2022 World Cup Stars
2
Les meilleurs buteurs des matchs entre le PSG et l’OM
3
FIFA Club World Cup Champions
4
Les entraîneurs de l'OM et du PSG au 21e siècle
5
Criteria MLB: Left Handed Sluggers
6
AFC Teams Reveal (Wrong Answers Minefield)
7
5-to-1: UK Sports Teams
8
5-to-1: FBS Animal Nicknames
9
2023 MLB Unique Player Accomplishments
10
Name the Premier League winners with different clubs
Explore More
Trending Topics
Anime
NBA
Disney
Harry Potter
Kpop
Crossword
Marvel
WWE
Country
Song
Pokémon
NFL
Puzzle
Soccer
The Office
hide this ad
More By:
applesauceable
Quiz
Plays
Rating
Category
Featured
Created
NBA Finals Leaders by Year
4,075
5.00
Sports
Jan 26, 2013
NBA 2015-16 Team Leaders
3,949
4.60
Sports
Apr 24, 2016
2011-12 NBA Daily Assist Leaders
3,402
4.40
Sports
May 8, 2012
NBA Finals Players (2010s)
2,597
4.93
Sports
Jun 18, 2019
Golf: All 4 Cuts at Majors 2018
2,235
5.00
Sports
Nov 21, 2018
Go to Creator's Profile
Score Distribution
Quiz Creator Spotlight
applesauceable
Follow
Send a Message
Quizzes Created
-
Created Quiz Play Count
-
More By This Creator
Popular Quizzes Today
1
Find the US States - No Outlines Minefield
2
Find the Countries of Europe - No Outlines Minefield
3
The Countries of the World
4
Find the US States
5
Risky Map Clicking: Biggest States A-Z
6
US States
7
Popular People in 1961
8
Movies - When Are They Set?
More Sports Quizzes
3+ NCAA Basketball Championships Since 1985
Published
Trending Quizzes
Risky Map Clicking: Least Populous States A-Z
1-10 Letter G Words
1-10 Letter F Words
Risky Map Clicking: Next State Alphabetically
Risky Map Clicking: Biggest States A-Z
Recently Updated
Leaping Animals
pecheneg
Reality TV Shows (A-Z)
bhenderson79
Rickey Henderson's Hall of Fame Teammates
pecheneg
Champions League XIs: Arsenal
pecheneg
Quick Pick: Celebrities in WWE's Hall of Fame
aduchscher
A-Z Keypad Blitz II
pecheneg
Multiple Oscar Actors
pecheneg
Mystery Phrase Blitz: Oscar 'Best Actors'
pecheneg
F. Scott Fitzgerald Novels
LTH
Pick 3 Villains
ddd62291
Trending Topics
Harry Potter
Marvel
NBA
Crossword
Anime
Disney
Kpop
Soccer
WWE
Puzzle
The Office
Song
Pokémon
NFL
Country
Your Account Isn't Verified!
In order to create a playlist on Sporcle, you need to verify the email address you used during registration. Go to your
Sporcle Settings
to finish the process.
Report this User
Report this user for behavior that violates our
Community Guidelines
.
Details:
Send Report
Go to the Sporcle.com Mobile Site →
Comments